Online
Catalog

Trayectoria poética y crítica de Regino Boti / (Record no. 3224)

MARC details
000 -CABECERA
campo de control de longitud fija 00672cam a2200193 a 4500
001 - NÚMERO DE CONTROL
campo de control 000003394
005 - FECHA Y HORA DE LA ÚLTIMA TRANSACCIÓN
campo de control 20200929150429.0
008 - DATOS DE LONGITUD FIJA--INFORMACIÓN GENERAL
campo de control de longitud fija 880718s1987 cu b f001 0 spa c
040 ## - FUENTE DE LA CATALOGACIÓN
Centro catalogador/agencia de origen DO-SdBNP
Lengua de catalogación spa
Centro/agencia transcriptor BNPHU
082 ## - NÚMERO DE LA CLASIFICACIÓN DECIMAL DEWEY
Número de clasificación Cu861.4
Número de documento/Ítem S157t
100 1# - ENTRADA PRINCIPAL--NOMBRE DE PERSONA
Nombre de persona Saínz, Enrique,
Fechas asociadas al nombre 1941-
9 (RLIN) 10576
245 10 - MENCIÓN DE TÍTULO
Título Trayectoria poética y crítica de Regino Boti /
Mención de responsabilidad, etc. Enrique Saínz.
260 ## - PUBLICACIÓN, DISTRIBUCIÓN, ETC.
Lugar de publicación, distribución, etc. La Habana :
Nombre del editor, distribuidor, etc. Academia,
Fecha de publicación, distribución, etc. 1987.
300 ## - DESCRIPCIÓN FÍSICA
Extensión 186 p. ;
Dimensiones 23 cm.
504 ## - NOTA DE BIBLIOGRAFÍA, ETC.
Nota de bibliografía, etc. Bibliografía: p. [178]-186.
600 14 - PUNTO DE ACCESO ADICIONAL DE MATERIA--NOMBRE DE PERSONA
Nombre de persona BOTI Y BARREIRO, REGINO ELADIO,
Fechas asociadas al nombre 1878-1958
Subdivisión general CRÍTICA E INTERPRETACIÓN.
9 (RLIN) 10577
650 #4 - PUNTO DE ACCESO ADICIONAL DE MATERIA--TÉRMINO DE MATERIA
Término de materia o nombre geográfico como elemento de entrada Poesía cubana
Subdivisión general Historia y crítica
9 (RLIN) 10578
650 #4 - PUNTO DE ACCESO ADICIONAL DE MATERIA--TÉRMINO DE MATERIA
Término de materia o nombre geográfico como elemento de entrada Literatura cubana
9 (RLIN) 1483
Holdings
Estado de retiro Estado de pérdida Restricciones de uso No para préstamo Código de colección Localización permanente Ubicación/localización actual Ubicación en estantería Fecha de adquisición Número de inventario Total de préstamos Signatura topográfica completa Código de barras Fecha visto por última vez Precio válido a partir de Tipo de ítem Koha
    Préstamo interno   Monografías: Libros y Folletos General General En catalogación 08.07.2009 LF1   Cu861.4 S157t 3394-10 25.06.2020 25.06.2020 Préstamo interno

Powered by Koha